Metodičeskije materaily i dokumentacija po paketam prikladnych programm Vyp.54. Paket prikladnych programm CDS/ISIS/M
Uložené v:
| Médium: | Kniha |
|---|---|
| Jazyk: | Russian |
| Vydavateľské údaje: |
Moskva
Mežd. centr nauč. i techn. inf.
1988
|
| Vydanie: | 1. izd. |
| Tagy: |
Žiadne tagy, Buďte prvý, kto otaguje tento záznam!
|
MARC
| LEADER | 00000nam a2200000 4500 | ||
|---|---|---|---|
| 001 | c034913 | ||
| 005 | 20250916074811.2 | ||
| 041 | 0 | |a rus | |
| 044 | |a RU | ||
| 245 | 1 | 0 | |a Metodičeskije materaily i dokumentacija po paketam prikladnych programm |b Vyp.54. Paket prikladnych programm CDS/ISIS/M |
| 250 | |a 1. izd. | ||
| 264 | 1 | |a Moskva |b Mežd. centr nauč. i techn. inf. |c 1988 | |
| 300 | |a 167 s. | ||